00465nam a2200133 i 4500001000300000245009900003260001900102700003500121040000800156041000800164080002000172008004100192856009800233bg 0aĆwiczenia laboratoryjne z chemii technicznej :bpraca zbiorowa /cpod kier. J. Grabowskiego. aKielce,c1978.1 aGrabowski, Jan Ireneusz.eRed. cBPK apol a543(075.8)(076) s pl f |000 0 pol  uhttp://koha.tu.koszalin.pl/cgi-bin/koha/opac-detail.pl?biblionumber=21479yKatalog online BPK